Guía práctica para ventas y mercadotecnia
Պահպանված է:
| Հիմնական հեղինակ: | |
|---|---|
| Ձևաչափ: | Գիրք |
| Լեզու: | իսպաներեն |
| Հրապարակվել է: |
Ciudad de México
Prentice-Hall Hispanoamericana
2000
|
| Խորագրեր: | |
| Ցուցիչներ: |
Ավելացրեք ցուցիչ
Չկան պիտակներ, Եղեք առաջինը, ով նշում է այս գրառումը!
|
MARC
| LEADER | 00000nam a2200000 a 4500 | ||
|---|---|---|---|
| 001 | UCN0440 | ||
| 003 | CL-VaPUC | ||
| 008 | 010323e20000000MX |||||||||||||||||spa|d | ||
| 082 | 0 | 4 | |a 658.8 |b GAR |2 21 |
| 100 | 0 | |a Garofalo, Gene |e author |9 455677 | |
| 245 | 1 | 0 | |a Guía práctica para ventas y mercadotecnia |
| 300 | |a 392 p | ||
| 942 | |c BK | ||
| 945 | |d 20010323 00:00:00 |a cmena | ||
| 260 | |a Ciudad de México |b Prentice-Hall Hispanoamericana |c 2000 | ||
| 650 | 0 | |a Marketing |9 259324 | |
| 650 | 0 | |a Gestión de ventas |9 407932 | |
| 650 | 0 | |a Publicidad |9 314572 | |
| 650 | 0 | |a Desarrollo de productos |9 412264 | |
| 650 | 0 | |a Precios |9 260787 | |
| 650 | 0 | |a Investigación de mercado |9 332310 | |
| 650 | 0 | |a Clientes |9 369499 | |
| 583 | |a last modification |c 20141114 05:20:37 |k Rodrigo Vera | ||
| 999 | |c 294188 |d 294186 | ||
| 952 | |0 0 |1 0 |4 0 |6 658_800000000000000_GAR_2000 |7 0 |8 A |9 346120 |a BIBENE |b BIBENE |d 2019-11-20 |i 3701840 |o 658.8 GAR 2000 |p 3701840 |r 2025-01-15 |w 2019-11-20 |y BK |k ICO | ||
| 952 | |0 0 |1 0 |4 0 |6 658_800000000000000_GAR_2000 |7 0 |8 A |9 346121 |a BIBENE |b BIBENE |d 2019-11-20 |i 3716058 |o 658.8 GAR 2000 |p 3716058 |r 2025-01-15 |w 2019-11-20 |y BK |k ICO | ||